Aspen Review Central Europe

Analýzy, rozhovory, komentáre, aktuálne otázky, prijímanie neobvyklých prístupov a jedinečných názorov od svetovo uznávaných profesionálov.

Gespeichert in:
Bibliographische Detailangaben
Format: Schriftenreihe
Sprache:Englisch
Veröffentlicht: Praha Aspen Institute Central Europe
Schlagworte:
Tags: Tag hinzufügen
Keine Tags, Fügen Sie das erste Tag hinzu!

MARC

LEADER 00000nas1a2200000 4500
001 0183919
005 20240306090054.0
022 |a 1805-6806 
022 |a 2570-6217 
041 0 |a eng 
044 |a CZ 
245 1 0 |a Aspen Review  |b Central Europe 
264 1 |a Praha  |b Aspen Institute Central Europe 
500 |a [Do r. 2020 Aspen institute Prague] 
520 |a Analýzy, rozhovory, komentáre, aktuálne otázky, prijímanie neobvyklých prístupov a jedinečných názorov od svetovo uznávaných profesionálov. 
610 2 0 |a stredná Európa 
610 2 0 |a politika 
610 2 0 |a ekonómia 
610 2 0 |a kultúra 
610 2 0 |a vzťahy medzinárodné 
610 2 0 |a spolupráca hospodárska medzinárodná